Central Library OPAC University of Rajshahi

Language : (Record no. 6466)

MARC details
000 -LEADER
fixed length control field 00726nam a2200229 a 4500
001 - CONTROL NUMBER
control field 6466
003 - CONTROL NUMBER IDENTIFIER
rucl marc code BD-RjUL
005 - DATE AND TIME OF LATEST TRANSACTION
control field 20211208234240.0
008 - FIXED-LENGTH DATA ELEMENTS--GENERAL INFORMATION
fixed length control field 160827m19521925enk b 001 0 eng
035 ## - SYSTEM CONTROL NUMBER
System control number (BD-RjUL)6507
040 ## - CATALOGING SOURCE
Original cataloging agency DLC
Transcribing agency FBA
Modifying agency EQO
-- 6507
Language of cataloging eng
041 1# - LANGUAGE CODE
Language code of text/sound track or separate title eng
082 ## - DEWEY DECIMAL CLASSIFICATION NUMBER
Classification number 400
Author mark and year VEL 1952
Edition number 23
100 1# - MAIN ENTRY--PERSONAL NAME
Personal name Vendryes, J.
9 (RLIN) 20351
245 10 - TITLE STATEMENT
Title Language :
Remainder of title a linguistic introduction to history /
Statement of responsibility, etc. J. Vendryes ; translated by Paul Radin
260 ## - PUBLICATION, DISTRIBUTION, ETC. (IMPRINT)
Place of publication, distribution, etc. London :
Name of publisher, distributor, etc. K. Paul, Trench, Trubner & Co., ltd. ;
Date of publication, distribution, etc. 1925, [4th Impression 1952]
300 ## - PHYSICAL DESCRIPTION
Pagination xxviii, 378 p. ;
Size 25 cm.
504 ## - BIBLIOGRAPHY, ETC. NOTE
Bibliography, etc Bibliography: p. [361]-368.
650 #0 - SUBJECT ADDED ENTRY--TOPICAL TERM
Topical term or geographic name as entry element Language and languages.
9 (RLIN) 20352
700 1# - ADDED ENTRY--PERSONAL NAME
Personal name Radin, Paul
942 ## - ADDED ENTRY ELEMENTS (KOHA)
Source of classification or shelving scheme Dewey Decimal Classification
Koha item type Books
Holdings
Lost status Source of classification or shelving scheme Damaged status Not for loan Collection code Permanent Location Current Location Shelving location Date acquired Source of acquisition Cost, normal purchase price Total Checkouts Full call number Date last seen Copy number Koha item type
  Dewey Decimal Classification   Not For Loan Non-fiction Central Library, University of Rajshahi Central Library, University of Rajshahi   05/07/1968 Sweels & Zeitlinger 35.00   400 VEL 1959 11/01/2014 C-1 Books
  Dewey Decimal Classification     Non-fiction Central Library, University of Rajshahi Central Library, University of Rajshahi   06/12/1957 Publication 24.60   400 VEL 1952 27/08/2016 C-2 Books